Záverečná recepcia generálneho konzula ČR sa prekrývala s oslavami vzniku Československej republiky Karel Horák sa rozlúčil

Bibliographic Details
Main Author: Paulovská, Jana (Author)
Format: Article
Language:Slovak
PhysicalDescription:1 foto
Subjects:

MARC

LEADER 00000nab a2200000 a 4500
001 vtls000896427
003 SK-MaSNL
005 20260304040457.0
008 040720e19971029xo 0 slo
035 |a KE5452 
040 |a KEVKJB  |b slo  |c KEVKJB  |e AACR2 
041 0 |a slo 
044 |a xo  |c SK 
080 |a 341.231  |2 1981 
100 1 |a Paulovská, Jana  |4 aut  |9 266445 
245 1 0 |a Záverečná recepcia generálneho konzula ČR sa prekrývala s oslavami vzniku Československej republiky  |b Karel Horák sa rozlúčil 
300 |b 1 foto 
590 |a Horák, Karel  |b český konzul 
600 1 7 |a Horák, Karel  |2 KEVKJB  |9 290287 
650 0 7 |a zastupiteľské úrady  |2 KEVKJB  |9 1253 
650 0 7 |a rozlúčka  |2 KEVKJB  |9 878719 
651 7 |a Česko  |2 KEVKJB  |9 16753 
651 7 |a Košice (Slovensko)  |2 KEVKJB  |9 18694 
651 7 |a KE,  |2 KEVKJB  |9 877256 
651 7 |a KE,  |2 KEVKJB  |9 877256 
655 7 |a periodikum  |2 snkbucl  |9 29553 
773 0 8 |t Korzo  |g Roč. 4, č.249, 29.10.1997, s. 2 
852 |a ZVYKNI  |b KIS3GCP 
999 |c 2663534  |d 2665464